000 00881nam0a2200241 4500
001 RU\NLR\BIBL_A\011268573
005 20260406073430.0
035 _a(NLR Aleph) 011268573
090 _a10807660
_c10807660
100 _a20161112d1963 c y0rusy50 ca
101 0 _asah
102 _aRU
105 _aa z 000 y
200 1 _aХарыйа
_fИван Федосеев
210 _aЯкутскай
_cСаха сиринээҕи кинигэ изд-вота
_d1963
215 _a35,[1] с.
_cил.
_d20
541 1 _aЕль
_e(стихи, песни и сказка)
_eдля детей мл. шк. возраста)
_zrus
686 1 _aШ9(2)6=Я-5
700 0 _4070
_8rus
_7ca
_aФедосеев
_bИ. Е.
_f1927-2003
_gИван Егорович
_3RU\NLR\auth-onl\771343
_9131398
852 _aNLR
_bОНЛ
_jЯкут./2-1455
942 _cBOOK
980 _aNB